A critical look at religion/

Salvato in:
Dettagli Bibliografici
Autore principale: WINKWORTH, D. E
Natura: Libro
Lingua:inglese
Pubblicazione: Regency press 1974
Tags: Aggiungi Tag
Nessun Tag, puoi essere il primo ad aggiungerne!!

MARC

LEADER 00000nam a22000007a 4500
008 210907b ||||| |||| 00| 0 eng d
100 |a WINKWORTH, D. E. 
245 |a A critical look at religion/   |c  D.E. Winkworth  |g  58p. 
260 |b Regency press  |c 1974  |h  London  |i 695023  |l BR125 .W72  |m Christianity.  |m Religion  |m Revelation.  |m Reincarnation  |m Title. 
942 |a lcc  |c BK  |e j. o. ifatola  |f 07/ 09/ 2021 
952 |0 0  |1 0  |2 lcc  |4 0  |6 BR0125 W72  |7 0  |9 3410  |a HOL  |b HOL  |c AF  |d 2021-09-07  |l 0  |o BR125 .W72  |p 2021-67117  |r 2021-09-07 00:00:00  |w 2021-09-07  |y BK 
999 |c 1698  |d 1698